000 00620nam a2200229Ia 4500
001 15742
003 GE_BSU
008 181216s||||||||xx |||||||||||||| ||und||
020 _a99928-44-35-3
040 _cGE_BSU
080 _a821.353.1-1
100 _aხალვაში, ფრიდონ
245 _aრჩეული
245 _cრედ.ხ.თავდგირიძე.მხ.გ.გუჯაბიძე
260 _aბათუმი
260 _bაჭარა
260 _c2000
300 _a352გვ. ; 18სმ.
541 _h10ლ.
653 _aრჩეული
942 _cBK
999 _c48840
_d48840